000 01118nam a22001937a 4500
999 _c63009
_d63009
003 Ge_BSU
005 20250502155112.0
008 250502s2004 ge ||||| |||| 00| 0 geo d
041 _ageo
080 _a347.772 : 349.42 :338.439 ს-96
245 _aსურსათის ეტიკეტირების სრული ტექსტები :
_bშესწორებული 2001 წ. /
_cკოდექს ალიმენტარიუსის კომისია; [თარგმანი: ზურაბ ბრეგვაძე; რედ.: ლევან ჩიტეიშვილი].
264 _aთბ. :
_bმამუკა გელიაშვილი,
_c2004.
300 _a54 გვ. ;
_b20 სმ.
653 _aსასოფლო-სამეურნეო სამართალი
653 _aსასურსათო საკითხი
653 _aსურსათის ეტიკეტირება
710 _aკოდექს ალიმენტარიუსის კომისია.
_924999
942 _2udc
_cᲬᲘᲒᲜᲘ